Cities of Dallas County, Iowa - Statistics

General Stats
  • This quiz has been taken 6 times
  • The average score is 12 of 18
Answer Stats
Cities % Correct
7 Adel
100%
3 Waukee
100%
1 West Des Moines
100%
4 Clive
67%
8 Dallas Center
67%
12 De Soto
67%
14 Dexter
67%
9 Granger
67%
5 Grimes
67%
16 Linden
67%
15 Minburn
67%
6 Perry
67%
13 Redfield
67%
2 Urbandale
67%
10 Van Meter
67%
11 Woodward
67%
17 Dawson
33%
18 Bouton
0%
No matching quizzes found
Score Distribution
Percent of People with Each Score
Percentile by Number Answered
Your Score History
You have not taken this quiz